LEADER 00685nam a2200169 i 4500 001 000000057223 003 CaOOAMICUS 005 19970926000000.0 008 970926n xx u000 u eng u 013 $a28395 040 $aSeMil$bita 100 1 $aKerns, Joseph E.,$c.$0(OLS)http://semarc/name/24161 245 10$aChristian Tradition on the Vocation of Husband and Wife to Perfect Each Other. 650 4$aTesi di laurea.$0(OLS)http://semarc/subject/1690 850 $aSeMil 852 $aSeMil$W1$xVenegono$y1$m2I V 207$j23377$B23377$CSeMilBibl$Z2$F23379 $81 996 $6245$aChristian Tradition on the Vocation of Husband and Wife to Perfect Each Other$9(OLS)http://semarc/title/89024 LEADER 01235nam a2200289 i 4500 001 000000118148 003 CaOOAMICUS 005 20030922000000.0 008 030922s2002 it u000 u ita u 013 $a90841 020 $a88-343-0896-4 040 $aSeMil$bita 100 1 $aBellini, Eraldo.$0(OLS)http://semarc/name/16843 245 10$aAgostino Mascardi tra 'ars poetica' e 'ars historica' /$cEraldo Bellini. 260 $aMilano :$bVita e Pensiero,$c2002. 300 $a259 p. ;$c22 cm. 490 0 $aBibliotheca erudita. Studi e documenti di storia e filologia ;$v18 500 $aDono del Card. Dionigi Tettamanzi. 650 4$aMascardi, Agostino.$0(OLS)http://semarc/subject/21970 830 0$aBibliotheca erudita. Studi e documenti di storia e filologia ;$v18.$0(OLS)http://semarc/title/10509 850 $aSeMil 852 $aSeMil$W1$xVenegono$y1$m1C V 81$j73469$B73469$CSeMilBibl$Z2$F78235 $81 941 1 $a5 961 $aOmaggio: Tettamanzi Card. Dionigi 996 $6020$a88-343-0896-4$9(OLS)http://semarc/number/102689 996 $6245$aAgostino Mascardi tra 'ars poetica' e 'ars historica'$9(OLS)http://semarc/title/173534 996 $6260$aMilano :$bVita e Pensiero$9(OLS)http://semarc/publisher/29642 LEADER 00834nam a2200217 i 4500 001 000000128673 003 CaOOAMICUS 005 20040810000000.0 008 040810s1965 it u000 u ita u 013 $a101400 040 $aSeMil$bita 245 10$aEmilia. 260 $aMilano :$bTouring Club Italiano,$c1965. 300 $a236 p., 16 quadricromie, 1 c. geog. :$b308 fotografie ;$c29 cm. 490 0 $aAttraverso l'Italia : nuova serie 650 4$aEmilia .$0(OLS)http://semarc/subject/25423 830 0$aAttraverso l'Italia : nuova serie.$0(OLS)http://semarc/title/15893 850 $aSeMil 852 $aSeMil$W1$xVenegono$y1$m4Y V 125$j82885$B82885$CSeMilBibl$Z2$F85510 $81 996 $6245$aEmilia$9(OLS)http://semarc/title/140697 996 $6260$aMilano :$bTouring Club Italiano$9(OLS)http://semarc/publisher/29688